000 00492pab a2200181 454500
008 180718b2017 xxu||||| |||| 00| 0 eng d
100 _aSawant, Shekhar V.
245 _aAutonomy and privatisation of higher education with reference to quality
260 _c2017
300 _ap.21-25.
362 _a8 May
650 _aEducational quality
650 _aPrivatization
650 _aEducational autonomy
650 _aHigher education
773 _aUniversity News
909 _a114791
999 _c114785
_d114785